000
00311nam a22001337a 4500
020
_a
9788178263403
082
_a
823
_b
CLA/B
100
_a
CHARLES DICKENS
245
_a
BEST GHOST STORIES - II
260
_a
DELHI
_b
ROHAN BOOK COMPANY
_c
2003
300
_a
223
650
_a
MODERN ILLUSTRATED CLASSICS
942
_c
BK
999
_c
285
_d
285